History Quiz

Random History or Year Quiz

Historical Events by Year and Location Match-Up Quiz Stats

Quiz Updated Oct 12, 2017

Challenge
Share
Tweet
Score 0/26 Timer 05:00
4 Plays Today
% Correct
Atlantic Ocean ● 1912
98.5%
Hawaii ● 1941
96.7%
Rome ● 44 BC
94.9%
Washington, D.C. ● 1972
92.6%
Cuba ● 1961
91.4%
Los Angeles ● 1992
84%
Rouen ● 1431
83%
Vietnam ● 1968
81.3%
Montana ● 1876
81.2%
Belgium ● 1815
81.1%
Cape Cod ● 1620
80.6%
New Jersey ● 1937
79%
Vietnam ● 1954
77.9%
% Correct
Rome ● 800
74.2%
London ● 1605
70.2%
Munich ● 1923
69.1%
Wittenberg ● 1517
68.8%
Mexico City ● 1940
61.2%
Jerusalem ● 1961
58.7%
Czechoslovakia ● 1989
51.8%
India ● 1930
50.2%
Kenya ● 1952
49.7%
Ukraine ● 2004
45.8%
Moscow ● 1698
40.5%
India ● 1857
38.4%
Manchuria ● 1931
30.4%

You're not logged in!

Compare scores with friends on all Sporcle quizzes.
Sign Up with Email
OR
Log In

You Might Also Like...

Show Comments

Extras

Top Quizzes Today


Score Distribution

Your Account Isn't Verified!

In order to create a playlist on Sporcle, you need to verify the email address you used during registration. Go to your Sporcle Settings to finish the process.

Report this User

Report this user for behavior that violates our Community Guidelines.

Details: